|
|
|
|
| LEADER |
00661nab a2200181 i 4500 |
| 001 |
misc9946 |
| 005 |
20191106143357.0 |
| 008 |
170607s1918 hu o 0|| hun d |
| 022 |
|
|
|a 0025-0260
|
| 040 |
|
|
|a SZTE Miscellanea Repozitórium
|b hun
|
| 041 |
|
|
|a hun
|
| 100 |
1 |
|
|a Kilián Zoltán
|
| 245 |
1 |
0 |
|a Pályaválasztási tanulságok
|h [elektronikus dokumentum] /
|c Kilián Zoltán
|
| 260 |
|
|
|c 1918
|
| 300 |
|
|
|a 445-448
|
| 490 |
0 |
|
|a Magyar pedagógia : a Magyar Tudományos Akadémia Pedagógiai Bizottságának folyóirata
|v 27
|
| 695 |
|
|
|a Pályaválasztás, Pályaválasztás
|
| 856 |
4 |
0 |
|u http://misc.bibl.u-szeged.hu/9946/1/mp_1918_2673_445-448.pdf
|z Dokumentum-elérés
|